000 00994nmm a2200313 a 4500
001 ocm000964940
003 TR-IsHL
005 20201028150726.0
008 150110s2014 tu tur
007 cr cn
020 _a9786053313335
035 _a964940
_b(N$T)
050 0 4 _aHD4854
_b.E67 2014
090 0 4 _aHD4854
_b.E67 2014
245 1 0 _aEnternasyonal yolunda 20 yıl: -yeni bir dünya için-
_h[electronic resource] /
_chazırlayan Mehmet Özer
260 _aİstanbul :
_bEvrensel Basım Yayın,
_c2014
300 _a137 p.
650 4 _aPolitika ve Uluslararası İlişkiler
650 4 _aPolitics and International Relations
650 0 _aEmperyalizm
650 0 _aImperialism
650 0 _aSosyalizm
650 0 _aSocialism
650 0 _aMarksizm
650 0 _aMarxism
650 7 _aPOLITICAL SCIENCE / Imperialism
_2bisacsh
700 1 _aÖzer, Mehmet
856 4 0 _uhttp://search.ebscohost.com/login.aspx?direct=true&scope=site&db=e011xww&AN=964940
999 _c10628
_d10628